| 000 | 00415cam a2200169ua 4500 | ||
|---|---|---|---|
| 020 | _c750.00 | ||
| 041 |
_aeng _h |
||
| 082 |
_a664.027 _bSIN/FO |
||
| 100 | _aSingh, M. K . | ||
| 245 |
_aFood preservation / _cM.K Singh. _hTextual Documents |
||
| 260 |
_aNewdelhi : _bDiscovery publishing house , _c2007. |
||
| 300 | _a292 ; . | ||
| 365 | _a750.00 | ||
| 504 | _a | ||
| 942 | _cBK | ||
| 999 |
_c13169 _d13169 |
||